000 00574nam a22001817a 4500
005 2009030208518.0
008 090302t xxu||||| |||| 00| 0 eng d
037 _bdpl/pub
040 _aDPL
082 _2230
245 _aThe Ramana way
260 _aBangalore
_bRamana Maharshi Centre for Learning
_c2009-
300 _av.
_c26 cm
310 _amonthly
270 _bBangalore
_aPost Office road, Sanjay Nagar
_l23512640
_mramanabangalore@sancharnet.in
942 _2ddc
_cSR
_s1
999 _c24553
_d24553